Emancipation in exile : (Record no. 12912)

MARC details
000 -BAŞLIK
Sabit Uzunlukta Kontrol Alanı 00872nam a2200241 4500
999 ## - SİSTEM KONTROL NUMARALARI (KOHA)
Koha Biblionumber 12912
Koha Biblioitemnumber 12912
003 - KONTROL NUMARASI IDENTIFIER
Denetim Alanı MIRAKIL
005 - SON İŞLEM TARİHİ VE ZAMANI
Denetim Alanı 20190312173507.0
008 - SABİT-BOY VERİ ELEMANLARI - GENEL BİLGİLER
Sabit Uzunlukta Kontrol Alanı 190312b tu ||||| |||| 00| 0 tur d
020 ## - ULUSLARARASI STANDART KİTAP NUMARASI
Uluslararası Standart Kitap Numarası 9786053994114
040 ## - KATALOGLAMA KAYNAK
Orijinal Kataloglama Ajansı TR-AnCHP
Metne Dönüştürmek Ajansı TR-AnCHP
041 ## - DİL KODU
Metin / Ses Parça Veya Ayrı Başlığın Dil Kodu eng
082 ## - DEWEY ONLU SINIFLANDIRMA NUMARASI
Sınıflandırma Numarası 331.4
Ürün Numarası E52 2015
245 10 - BAŞLIK TABLOSU
Başlık Emancipation in exile :
Başlığın Kalan perspectives on the emporwerment of migrant women /
Sorumluluk Tablosu, Vb editörler Nermin Abadan-Unat, Gretty Mirdal.
260 ## - YAYIN, DAĞITIM, VB
Yayın, Dağıtım, Vb Yeri İstanbul :
Yayıncı, Dağıtıcı, Vs Adı İstanbul Bilgi Üniversitesi,
Yayın, Dağıtım, Vb Tarihi 2015.
300 ## - FİZİKSEL TANIM
Kapsam xvi, 281 s. ;
Boyutlar 24 sm.
490 0# - SERİSİ TABLOSU
Seri Beyanı İstanbul Bilgi Üniversitesi yayınları;
-- Göç çalışmaları;
Hacim / Ardışık Tanımı 524.
-- 18.
504 ## - KAYNAKÇA VB NOT
Kaynakça Vb Notu Kaynakça ve dizin vardır.
650 #0 - KONU KATMA GİRİŞ - TOPİKAL DÖNEM
9 (RLIN) 5439
Topikal Süreli Veya Coğrafi Ad Giriş Elemanı Kadın göçmenler
650 #0 - KONU KATMA GİRİŞ - TOPİKAL DÖNEM
9 (RLIN) 5440
Topikal Süreli Veya Coğrafi Ad Giriş Elemanı Göç ve göçmenlik
Genel Alt Bölümü Ekonomik yönler
700 ## - KATMA GİRİŞ - KİŞİSEL İSİM
9 (RLIN) 5441
Kişisel Ad Abadan-Unat, Nermin
Relator Terim ed.
700 ## - KATMA GİRİŞ - KİŞİSEL İSİM
9 (RLIN) 5442
Kişisel Ad Mirdal, Gretty
Relator Terim ed
942 ## - EKLENDİ GİRİŞ ELEMANLARI (KOHA)
Sınıflandırma Veya Raf Düzeni Kaynak Dewey Decimal Classification
Koha Öğesi Türü Books
Holdings
Kalıcı Konum Mevcut Konum Edinme Tarihi Toplam Check-Out'Lar Tam Çağrı Numarası Barkod Tarih Son Görülme İtibaren Geçerli Fiyatlar Koha Öğesi Türü
CHP Kütüphanesi CHP Kütüphanesi 03/12/2019   331.4 E52 2015 018996 03/12/2019 03/12/2019 Books